000 00572nam a2200229Ia 4500
005 20260320201434.0
008 008 262003s9999 xx 000 0 eng d
037 _aEBOOK
040 _aCRL
040 _beng
040 _cCRL
041 _2eng
041 _aeng
084 _qCRL
100 _aPoe
_91135086
245 0 _aLearning to Communicate in Science and Engineering: Case Studies from MIT
260 _bIEEE
856 _uhttps://ieeexplore.ieee.org/servlet/opac?bknumber=6276860
942 _cEBOOK
999 _c1721248
_d1721248